| 000 | 00643nam a2200229 i 4500 | ||
|---|---|---|---|
| 001 | bg | ||
| 100 | 1 | _aKOZIELSKI, Marek | |
| 245 | 1 | 0 |
_aWybrane zagadnienia z fizyki / _cMarek Kozielski, Maria Kozielska. |
| 260 |
_aPoznań : _bWydaw. Politechniki Poznańskiej, _c1996. |
||
| 300 |
_a314 s. : _brys., wykr. ; _c24 cm. |
||
| 504 | _aBibliogr. s. 313-314. | ||
| 650 | 9 |
_aFizyka _xzagadnienia |
|
| 655 | _aPodręczniki akademickie | ||
| 700 | 1 | _aKOZIELSKA, Maria | |
| 020 | _a8371430744 | ||
| 040 | _cBPK | ||
| 041 | 0 | _apl | |
| 080 | _a53(075.8) | ||
| 920 | _a83-7143-074-4 | ||
| 942 | _cKS | ||
| 008 | s pl f |000 0 pol | ||
| 999 |
_c24946 _d24946 |
||
| 856 |
_uhttp://koha.tu.koszalin.pl/cgi-bin/koha/opac-detail.pl?biblionumber=24946 _yKatalog online BPK |
||